[Event "CPX.CA3.21"]
[Site "http://www.queenalice.com/game.php?id=931505"]
[Date "2011.4.28"]
[Round "-"]
[White "jeffersonpacaembu"]
[Black "aribeiro2"]
[Result "1-0"]
[WhiteElo "1587"]
[BlackElo "1271"]

1. e4 e5 2. Bc4 Nf6 3. Qf3 c6 4. d3 Qa5+ 5. Bd2 Bb4 6. c3 Be7 7. Bg5 h6 8. Bxf6
Bxf6 9. Na3 b5 10. Bb3 b4 11. Nc4 Qc5 12. O-O-O bxc3 13. bxc3 d5 14. Nd2 dxe4
15. Nxe4 Qa3+ 16. Kb1 c5 17. Nd6+ Kd7 18. Nxf7 Rf8 19. Qd5+ Ke7 20. Qd6+ Ke8 21.
Qc7 c4 22. Bxc4 Qe7 23. Qxc8+ Qd8 24. Nxd8 Bxd8 25. Nf3 a5 26. Nxe5 Ra7 27. Qxb8
Re7 28. Qb5+ 1-0

[Event "CPX.CA3.01"]
[Site "http://www.queenalice.com/game.php?id=933847"]
[Date "2011.5.4"]
[Round "-"]
[White "aribeiro2"]
[Black "raszytko"]
[Result "0-1"]
[WhiteElo "1316"]
[BlackElo "2449"]

1. e4 e5 2. Nf3 Nc6 3. c3 Nf6 4. d4 Nxe4 5. Nxe5 Nxe5 6. dxe5 Qh4 7. g3 Nxg3 8.
fxg3 Qe4+ 9. Qe2 Qxh1 10. Qh5 d5 11. Qe2 h5 12. Qg2 Qxg2 13. Bxg2 c6 14. b3 h4
15. Ba3 hxg3 16. h3 Bxh3 17. Kf1 Bg4 18. Bxf8 Kxf8 19. Nd2 Rh5 20. Re1 Re8 21.
c4 Rhxe5 22. Rxe5 Rxe5 23. cxd5 cxd5 24. a4 Re2 25. b4 Rxd2 26. Bxd5 Bh3+ 27.
Ke1 Rxd5 28. Ke2 g2 29. Kf2 Rd1 30. Kg3 g1=Q+ 31. Kf3 Rd3+ 32. Ke2 Qf1# 0-1

[Event "CPX.CA3.03"]
[Site "http://www.queenalice.com/game.php?id=933849"]
[Date "2011.5.4"]
[Round "-"]
[White "aribeiro2"]
[Black "louco_dog"]
[Result "1-0"]
[WhiteElo "1292"]
[BlackElo "1485"]

1. e4 e5 2. Nf3 Nc6 3. d3 Bb4+ 4. c3 Bd6 5. d4 exd4 6. Nxd4 Nf6 7. Bg5 h6 8. Be3
Nxe4 9. Qd3 Qe7 10. f3 Nc5 11. Qe2 O-O 12. Nxc6 dxc6 13. Nd2 Rd8 14. Nc4 Be5 15.
f4 Nd3+ 16. Kd2 Nf2+ 17. Ke1 Nxh1 18. Nxe5 a5 19. g3 b6 20. Bg2 f6 21. Ng6 Qd6
22. Bxh1 Bf5 23. Nh4 Bd3 24. Qf3 Rd7 25. Rd1 Re8 26. Nf5 Qe6 27. g4 Qxa2 28.
Qxc6 Rdd8 29. Qxc7 Qxb2 30. Rxd3 Qb1+ 31. Kf2 Rxd3 32. Qxg7# 1-0

[Event "CPX.CA3.05"]
[Site "http://www.queenalice.com/game.php?id=933850"]
[Date "2011.5.4"]
[Round "-"]
[White "aribeiro2"]
[Black "RubensFigueiredo"]
[Result "0-1"]
[WhiteElo "1305"]
[BlackElo "1685"]

1. e4 e5 2. Nf3 Nc6 3. d3 d5 4. Bg5 Be7 5. Bxe7 Ngxe7 6. exd5 Qxd5 7. c4 Qa5+ 8.
Qd2 Qxd2+ 9. Nbxd2 O-O 10. Ne4 Nd4 11. Nxd4 exd4 12. g3 Re8 13. h4 Nc6 14. a4
Nb4 15. O-O-O Bg4 16. Rd2 Bf3 17. Bg2 Bxg2 18. Re1 Nxd3+ 19. Rxd3 Bxe4 20. Rde3
dxe3 21. Rxe3 Bc6 22. Rd3 Bxa4 23. b3 Bc6 24. f3 Rad8 25. Rc3 Re2 26. f4 b5 27.
cxb5 Bd5 28. Rxc7 Bxb3 29. Kb1 Rd1+ 30. Rc1 Rxc1+ 31. Kxc1 h6 32. h5 g6 33. g4
gxh5 0-1

[Event "CPX.CA3.16"]
[Site "http://www.queenalice.com/game.php?id=934042"]
[Date "2011.5.4"]
[Round "-"]
[White "louco_dog"]
[Black "aribeiro2"]
[Result "1-0"]
[WhiteElo "1491"]
[BlackElo "1314"]

1. e4 e5 2. Nc3 Nc6 3. Bc4 Nd4 4. Nd5 c6 5. c3 cxd5 6. cxd4 dxc4 7. dxe5 Bc5 8.
b3 Qh4 9. g3 Qxe4+ 10. Kf1 Qxe5 11. Qe1 Qxe1+ 12. Kxe1 d5 13. bxc4 dxc4 14. Nf3
Bg4 15. Ne5 Be6 16. Kd1 Bxf2 17. Ba3 Rd8 18. Rb1 Rd3 19. Nxd3 cxd3 20. Rxb7 Bxa2
21. Rf1 Bb3+ 22. Rxb3 Bd4 23. Rb8+ Kd7 24. Rxf7+ Ke6 25. Rbf8 g6 26. Rf4 Bg7 27.
Re8+ Kd7 28. Ree4 a5 29. Rc4 Nh6 30. Rfe4 Nf5 31. Rc5 Nd4 32. Rd5+ Kc6 33. Rxa5
Kb6 34. Rc5 Ra8 35. Rc3 Ne2 36. Re6+ Kb5 37. Rxd3 Nd4 38. Re7 Bf8 39. Rxd4 Rxa3
40. Rxh7 Bc5 41. Re4 Ra1+ 42. Kc2 Ra2+ 43. Kd3 Bb4 44. Rb7+ 1-0

[Event "CPX.CA3.04"]
[Site "http://www.queenalice.com/game.php?id=934048"]
[Date "2011.5.4"]
[Round "-"]
[White "aribeiro2"]
[Black "jeffersonpacaembu"]
[Result "0-1"]
[WhiteElo "1273"]
[BlackElo "1500"]

1. e4 e5 2. d3 Qf6 3. Qg4 Bc5 4. Nf3 Nc6 5. Bg5 Qe6 6. h3 Nb4 7. Kd1 f6 8. Bh4
Qc6 9. Qxg7 Bxf2 10. Qxh8 Qxc2# 0-1

[Event "CPX.CO3.06"]
[Site "http://www.queenalice.com/game.php?id=985524"]
[Date "2011.9.15"]
[Round "-"]
[White "louco_dog"]
[Black "aribeiro2"]
[Result "1-0"]
[WhiteElo "1547"]
[BlackElo "1332"]

1. e4 e5 2. Bc4 c6 3. Nf3 d5 4. exd5 cxd5 5. Bb5+ Bd7 6. Bxd7+ Nxd7 7. d3 Qa5+
8. c3 d4 9. b4 Qc7 10. cxd4 a5 11. Qa4 Bxb4+ 12. Bd2 Bxd2+ 13. Nbxd2 Qc3 14. O-O
Qxd3 15. dxe5 b5 16. Qf4 h6 17. Rae1 g5 18. Qe4 Qxe4 19. Nxe4 f6 20. Nd6+ Ke7
21. Nxb5 fxe5 22. Nc7 Rc8 23. Nd5+ Ke6 24. Rd1 Ne7 25. Ne3 e4 26. Nd4+ Ke5 27.
Ng4+ Kf4 28. h3 h5 29. g3# 1-0

[Event " CPX.CO3.01"]
[Site "http://www.queenalice.com/game.php?id=987852"]
[Date "2011.9.20"]
[Round "-"]
[White "aribeiro2"]
[Black "raszytko"]
[Result "0-1"]
[WhiteElo "1303"]
[BlackElo "2454"]

1. e4 e6 2. d4 d5 3. f3 dxe4 4. fxe4 Qh4+ 5. g3 Qxe4+ 6. Kd2 Qxh1 7. Qh5 Qxg1 8.
Bc4 g6 9. Qb5+ Nc6 10. d5 a6 11. Qb3 Bh6+ 12. Kd3 Qf1+ 13. Ke4 Qf5# 0-1

[Event " CPX.CO3.02"]
[Site "http://www.queenalice.com/game.php?id=987853"]
[Date "2011.9.20"]
[Round "-"]
[White "aribeiro2"]
[Black "jeffersonpacaembu"]
[Result "1-0"]
[WhiteElo "1309"]
[BlackElo "1473"]

1. e4 e5 2. Nf3 d6 3. c4 b6 4. Qa4+ Bd7 5. Qc2 Nf6 6. d4 exd4 7. Nxd4 Ng4 8. h3
Ne5 9. f4 c5 10. Ne2 Ng6 11. f5 Ne5 12. h4 h5 13. Bf4 Na6 14. Qc3 f6 15. Ng3 Nb4
16. a3 Na6 17. b4 g6 18. bxc5 dxc5 19. fxg6 Nxg6 20. Ne2 Nxh4 21. Rxh4 Bg7 22.
Ng3 f5 23. Qxg7 Qxh4 24. Qxh8+ Ke7 25. Qxa8 Qxf4 26. Qg8 Ba4 27. Qg7+ Ke6 28.
Nxh5 Qh4+ 29. Ng3 f4 30. Qg6+ Ke5 31. Nc3 fxg3 32. Nxa4 Nb8 33. Qe8+ Kd4 34.
Qxb8 Qxe4+ 35. Be2 Qxg2 36. Qf4+ Qe4 37. Qxe4+ Kxe4 38. Kf1 Ke3 39. Ra2 b5 40.
cxb5 a5 41. Nxc5 Kf4 42. Rc2 Kg5 43. b6 Kh4 44. b7 Kh3 45. Bf3 1-0

[Event "CPX.CO3.03"]
[Site "http://www.queenalice.com/game.php?id=987854"]
[Date "2011.9.20"]
[Round "-"]
[White "aribeiro2"]
[Black "RubensFigueiredo"]
[Result "0-1"]
[WhiteElo "1325"]
[BlackElo "1707"]

1. e4 e5 2. d4 d5 3. Nf3 Nc6 4. dxe5 dxe4 5. Nfd2 Nxe5 6. f3 exf3 7. Bb5+ Bd7 8.
Bxd7+ Qxd7 9. gxf3 O-O-O 10. f4 Nc6 11. c4 Nf6 12. b3 Re8+ 13. Kf2 Bc5+ 14. Kf1
Bd4 15. Rg1 Bxg1 16. Kxg1 Qg4+ 17. Qxg4+ Nxg4 18. Kg2 Ne3+ 19. Kf3 Nc2 20. Bb2
Nxa1 21. Bxa1 Rhg8 22. Ne4 g6 23. Bf6 h6 24. h4 Ne7 25. Nbc3 Nf5 0-1

[Event "CPX.CA4.06"]
[Site "http://www.queenalice.com/game.php?id=1078315"]
[Date "2012.7.1"]
[Round "-"]
[White "raszytko"]
[Black "aribeiro2"]
[Result "1-0"]
[WhiteElo "2448"]
[BlackElo "1323"]

1. e4 e5 2. Nf3 Qf6 3. Nc3 c5 4. Nd5 Qd6 5. Bc4 Nf6 6. Ng5 h6 7. Nxf6+ gxf6 8.
Nxf7 Qd4 9. Qh5 Qxc4 10. Nxe5+ Ke7 11. Nxc4 b5 12. Ne5 Rh7 13. Ng6+ Kf7 14. Nh4+
Ke6 15. Qd5+ Ke7 16. Qxa8 Kd8 17. Qxb8 Re7 18. d3 c4 19. Bd2 cxd3 20. cxd3 d5
21. Rc1 dxe4 22. Qxc8# 1-0

[Event "CPX.CA4.26"]
[Site "http://www.queenalice.com/game.php?id=1078423"]
[Date "2012.7.2"]
[Round "-"]
[White "RubensFigueiredo"]
[Black "aribeiro2"]
[Result "1-0"]
[WhiteElo "1740"]
[BlackElo "1318"]

1. e4 e5 2. Nf3 d6 3. Nc3 c5 4. Bb5+ Bd7 5. Bxd7+ Qxd7 6. O-O b5 7. Nd5 Nf6 8.
Nxf6+ gxf6 9. d3 d5 10. Re1 dxe4 11. dxe4 Nc6 12. Qxd7+ Kxd7 13. Rd1+ Ke6 14.
Be3 f5 15. exf5+ Kxf5 16. Ng5 Bh6 17. h4 Kg6 18. Nxf7 Rhf8 19. Bxh6 Kxf7 20.
Bxf8 Kxf8 21. Rd5 Nb4 22. Rxc5 Rd8 23. c3 Nc2 24. Rc1 Rd2 25. Rxe5 b4 26. Rf5+
Kg7 27. cxb4 Kg6 28. Ra5 Nxb4 29. Rxa7 Nd3 30. Ra6+ Kg7 31. Rc7+ Kg8 32. Ra8#
1-0

[Event "CPX.CA4.16"]
[Site "http://www.queenalice.com/game.php?id=1078525"]
[Date "2012.7.2"]
[Round "-"]
[White "jeffersonpacaembu"]
[Black "aribeiro2"]
[Result "1-0"]
[WhiteElo "1387"]
[BlackElo "1316"]

1. d4 d5 2. Bf4 e6 3. Nc3 Bb4 4. Nf3 f5 5. g3 Nf6 6. Bg2 Ne4 7. O-O g5 8. Be5
Rf8 9. Nb5 Na6 10. a3 Bd6 11. c3 Bxe5 12. dxe5 c6 13. Nbd4 g4 14. Nd2 Nac5 15.
b4 Nb3 16. Qxb3 Nxd2 17. Qa4 Nxf1 18. Kxf1 Qg5 19. Nxc6 Bd7 20. b5 a6 21. c4
bxc6 22. bxc6 Qd2 23. cxd7+ Kd8 24. Rd1 Qb2 25. cxd5 exd5 26. Bxd5 Rb8 27. Qa5+
Ke7 28. Qxa6 Qb6 29. Qc4 Kxd7 30. Be6+ Ke7 31. Rd7+ Ke8 32. Qa4 Qxe6 33. Rb7+
Kd8 34. Rxb8+ Ke7 35. Qa7+ Qd7 36. Qc5+ Kf7 37. Qxf8+ Ke6 38. Qf6+ Kd5 39. Rd8
1-0

[Event "CPX.CA4.01"]
[Site "http://www.queenalice.com/game.php?id=1078595"]
[Date "2012.7.2"]
[Round "-"]
[White "aribeiro2"]
[Black "raszytko"]
[Result "0-1"]
[WhiteElo "1321"]
[BlackElo "2449"]

1. e4 e5 2. Nf3 Nc6 3. Nc3 Nf6 4. Bc4 Nxe4 5. Nxe4 d5 6. d3 dxc4 7. dxc4 Qxd1+
8. Kxd1 Be6 9. b3 O-O-O+ 10. Bd2 h6 11. a3 f5 12. Nc5 Bxc5 13. Rf1 e4 14. Nh4
Bd4 15. Rb1 Bc3 16. Ng6 Rxd2+ 17. Kc1 Rhd8 18. Ne7+ Nxe7 19. f3 e3 20. Re1 e2
21. b4 Rd1+ 22. Rxd1 exd1=Q# 0-1

[Event "CPX.CA4.02"]
[Site "http://www.queenalice.com/game.php?id=1078596"]
[Date "2012.7.2"]
[Round "-"]
[White "aribeiro2"]
[Black "louco_dog"]
[Result "1-0"]
[WhiteElo "1303"]
[BlackElo "1553"]

1. e4 e5 2. Nf3 Nc6 3. d4 Bd6 4. Qe2 Nf6 5. Ng5 Nxd4 6. Qd3 b5 7. c3 Ne6 8. Nxe6
fxe6 9. Bg5 O-O 10. c4 Bb4+ 11. Nc3 bxc4 12. Qxc4 Rb8 13. a3 Bxc3+ 14. Qxc3 h6
15. Bh4 c6 16. Qxe5 Bb7 17. b4 Qc7 18. Qxc7 d5 19. exd5 Nxd5 20. Qd7 Nf4 21. g3
Bc8 22. Qxa7 Rb5 23. gxf4 Rxf4 24. Rg1 Re5+ 25. Be2 g5 26. Bg3 Rf7 27. Qb8 Rxe2+
28. Kxe2 Rf8 29. Bd6 Ba6+ 30. b5 Rxb8 31. bxa6 Ra8 32. Rgb1 Rxa6 33. Rb8+ Kg7
34. Be5+ Kg6 35. Bd4 Kh5 36. Rg1 Ra5 37. Be3 Rxa3 38. h4 g4 39. Rh8 Ra2+ 40. Bd2
Ra4 41. Rxh6# 1-0

[Event "CPX.CA4.03"]
[Site "http://www.queenalice.com/game.php?id=1078597"]
[Date "2012.7.2"]
[Round "-"]
[White "aribeiro2"]
[Black "jeffersonpacaembu"]
[Result "0-1"]
[WhiteElo "1319"]
[BlackElo "1384"]

1. e4 e5 2. Qg4 Nf6 3. Qf5 d6 4. Qg5 Nxe4 5. Qe3 d5 6. c4 Bc5 7. Qf3 Nc6 8. Nh3
Nb4 9. Qb3 dxc4 10. Bxc4 Qf6 11. f3 Nd6 12. d3 Bxh3 13. gxh3 Qh4+ 14. Ke2 Qf2+
15. Kd1 Qxf3+ 16. Ke1 Qxh1+ 17. Kd2 Qxh2+ 18. Kd1 Qg1+ 19. Kd2 Ne4+ 20. dxe4
Rd8+ 21. Bd5 Qg2+ 22. Kd1 Qf1+ 23. Kd2 c6 24. a3 cxd5 25. axb4 dxe4+ 26. Kc2
Qd1+ 27. Kc3 Qxc1+ 28. Qc2 Rd3+ 29. Kc4 Qxc2+ 30. Kb5 Qxb2 31. Rxa7 Qxb4# 0-1

[Event "CPX.CA4.05"]
[Site "http://www.queenalice.com/game.php?id=1078599"]
[Date "2012.7.2"]
[Round "-"]
[White "aribeiro2"]
[Black "RubensFigueiredo"]
[Result "0-1"]
[WhiteElo "1320"]
[BlackElo "1738"]

1. e4 e5 2. Nf3 Nc6 3. Bc4 Nf6 4. Nc3 Bc5 5. a3 O-O 6. b4 Be7 7. d3 d6 8. Bg5 h6
9. Nd5 hxg5 10. Nxg5 Nxd5 11. Bxd5 Bxg5 12. h4 Bxh4 13. g3 Bg5 14. Qh5 Bh6 15.
f4 Nd4 16. Kd2 c6 17. Bc4 Be6 18. c3 Bxc4 19. g4 Nb3+ 20. Kc2 Nxa1+ 21. Rxa1
Bxd3+ 22. Kxd3 exf4 23. Rh1 Qg5 24. Qh3 Rfe8 25. Qh5 Qxh5 26. Rxh5 d5 27. exd5
cxd5 28. Rxd5 Red8 29. c4 Rxd5+ 30. cxd5 Rd8 0-1

[Event "CPX.CA4.11"]
[Site "http://www.queenalice.com/game.php?id=1078859"]
[Date "2012.7.3"]
[Round "-"]
[White "louco_dog"]
[Black "aribeiro2"]
[Result "1-0"]
[WhiteElo "1527"]
[BlackElo "1329"]

1. e4 e5 2. Nf3 Nf6 3. Nxe5 Nxe4 4. Qf3 Qf6 5. Qxe4 d6 6. Bb5+ c6 7. Ng4+ Qe7 8.
Bd3 Bxg4 9. O-O f5 10. Qf4 g5 11. Qe3 f4 12. Qxe7+ Bxe7 13. f3 Bh5 14. g4 Bg6
15. Re1 Na6 16. a3 Nc5 17. Bf5 Rf8 18. Bxg6+ hxg6 19. Nc3 O-O-O 20. Rxe7 Rde8
21. Re2 Rxe2 22. Nxe2 Re8 23. Kf1 a5 24. d4 Ne6 25. a4 c5 26. d5 Ng7 27. Nc3 Rh8
28. Nb5 Rxh2 29. Nxd6+ Kd7 30. Nxb7 Rxc2 31. Nxa5 Kd6 32. Nb3 Kxd5 33. a5 Rh2
34. a6 Ne8 35. Ra5 Kc4 36. Nd2+ Kd3 37. Kg1 Re2 38. a7 Kc2 39. a8=Q Nc7 40.
Rxc5+ 1-0